<?xml version="1.0" encoding="UTF-8"?>
<record
    xmlns:xsi="http://www.w3.org/2001/XMLSchema-instance"
    xsi:schemaLocation="http://www.loc.gov/MARC21/slim http://www.loc.gov/standards/marcxml/schema/MARC21slim.xsd"
    xmlns="http://www.loc.gov/MARC21/slim">

  <leader>02359cam a2200181 a 4500</leader>
  <datafield tag="999" ind1=" " ind2=" ">
    <subfield code="c">4726</subfield>
    <subfield code="d">4726</subfield>
  </datafield>
  <datafield tag="020" ind1=" " ind2=" ">
    <subfield code="a">9781118156285 (pbk.</subfield>
  </datafield>
  <datafield tag="020" ind1=" " ind2=" ">
    <subfield code="a">9780470488188 (cloth)</subfield>
  </datafield>
  <datafield tag="020" ind1=" " ind2=" ">
    <subfield code="a">0470488182 (cloth)</subfield>
  </datafield>
  <datafield tag="082" ind1="0" ind2="0">
    <subfield code="a">658.812 KUZ</subfield>
  </datafield>
  <datafield tag="100" ind1="1" ind2=" ">
    <subfield code="a">Kuzmeski, Maribeth.</subfield>
  </datafield>
  <datafield tag="245" ind1="1" ind2="4">
    <subfield code="a">The connectors :</subfield>
  </datafield>
  <datafield tag="260" ind1=" " ind2=" ">
    <subfield code="a">Hoboken, N.J. :</subfield>
    <subfield code="b">Wiley,</subfield>
    <subfield code="c">c2009.</subfield>
  </datafield>
  <datafield tag="300" ind1=" " ind2=" ">
    <subfield code="a">xiv, 258 p. ;</subfield>
  </datafield>
  <datafield tag="505" ind1="0" ind2=" ">
    <subfield code="a">The common denominator of greatness and success : it's not money, it's people! -- You can be a connector even if you're not a natural people person : how social intelligence makes a major difference in business -- The connector IQ assessment : am I socially intelligent? -- The red zone connectors formula : the principles for building valuable relationships -- Develop a true "what's in it for them" mentality : focusing on others brings more for you -- Listen! Curiously listen! -- Important questions to ask that attract connections -- Getting the sale to close itself : using creative strategies to sell without selling -- Create a memorable experience : differentiating yourself by the impact you leave on others -- Gain a stream of profitable referrals : the litmus test for relationship success -- The employee connection : the critical factor in creating clients for life -- I don't have time to connect! Finding the time to connect with an already busy schedule -- Find a mentor : the influence that leads, motivates and holds you accountable -- Women's organizations : fulfilling a unique need for women to connect -- How to get the most from Outlook, ACT, and other CRM software : strategies for organizing and tracking relationships -- Christmas cards don't work : meaningful strategies for keeping in touch -- Using speaking skills to develop relationships : simple strategies to connect powerfully when speaking to small and large groups -- Connecting through social media technology : how to get the most out of Facebook, LinkedIn, and other social networking sites -- The contrarian networking strategy : create truly effective networking not focused on networking -- Coaching your way through to better relationships : a self-coaching exercise for improving business relationships -- Financial advisor relationship strategies : a niche-based look at connecting with dramatic sales results.</subfield>
  </datafield>
  <datafield tag="650" ind1=" " ind2="0">
    <subfield code="a">Relationship marketing.</subfield>
  </datafield>
  <datafield tag="650" ind1=" " ind2="0">
    <subfield code="a">Business communication.</subfield>
  </datafield>
  <datafield tag="942" ind1=" " ind2=" ">
    <subfield code="c">BK</subfield>
  </datafield>
  <datafield tag="952" ind1=" " ind2=" ">
    <subfield code="0">0</subfield>
    <subfield code="1">0</subfield>
    <subfield code="7">0</subfield>
    <subfield code="8">NFIC</subfield>
    <subfield code="a">IC</subfield>
    <subfield code="b">MLCampus</subfield>
    <subfield code="c">GEN</subfield>
    <subfield code="d">2019-05-20</subfield>
    <subfield code="l">3</subfield>
    <subfield code="m">1</subfield>
    <subfield code="o">658.812 KUZ</subfield>
    <subfield code="p">007389</subfield>
    <subfield code="q">2026-06-08</subfield>
    <subfield code="r">2026-06-01 05:33:57</subfield>
    <subfield code="s">2026-06-01</subfield>
    <subfield code="w">2019-05-20</subfield>
    <subfield code="y">BK</subfield>
  </datafield>
  <datafield tag="952" ind1=" " ind2=" ">
    <subfield code="0">0</subfield>
    <subfield code="1">0</subfield>
    <subfield code="7">0</subfield>
    <subfield code="8">NFIC</subfield>
    <subfield code="a">IC</subfield>
    <subfield code="b">IC</subfield>
    <subfield code="c">GEN</subfield>
    <subfield code="d">2019-05-20</subfield>
    <subfield code="l">0</subfield>
    <subfield code="o">658.812 KUZ</subfield>
    <subfield code="p">007390</subfield>
    <subfield code="r">2022-11-17 00:00:00</subfield>
    <subfield code="w">2019-05-20</subfield>
    <subfield code="y">BK</subfield>
  </datafield>
</record>
